000 01007nam a22003257a 4500
001 0039558
003 KOHA_MİRAKIL
005 20260207003133.0
007 ta
008 130220b2000 enka|||gr||||#0|||1|eng |
020 _a0194230813
040 _aTR-BiSEU
_btur
_cTR-BiSEU
_erda
041 0 _aeng
044 _cenk
050 _aPE1128.B75
_bI54 2000
100 1 _aBriley, John.
245 1 _aCry freedom/
_cJohn Briley ; John Briley ; simplified by Rowena Akinyemi.
264 1 _aOxford :
_bOxford University Press
_c2000
300 _a120 sayfa :
_bres. ;
_c18 cm.
336 _ametin
_btxt
_2rdacontent
337 _aaracısız
_bn
_2rdamedia
338 _acilt
_bnc
_2rdacarrier
500 _aStage 6 (2500 headwords).
650 0 _aEnglish language--Study and teaching.
_940817
650 0 _aİngiliz dili--Çalışma ve öğretim.
_931747
650 0 _aReaders (Upper Intermediate).
_973514
650 0 _aOkuyucular (Üst orta düzey).
_973476
907 _aDil
942 _2lcc
_cBK
999 _c39436
_d39436